000 00654nam a2200229 i 4500
001 C2-0237314
003 PPAK
005 20180727200846.0
008 011211s1953 io |||| ||||| | may d
040 _aPPAK
_beng
_cPPAK
_erda
082 0 4 _a155.4
_223
090 0 0 _a155.4
_bJUN
_dKSI
100 1 _aJunus, Mahmud,
_eauthor
245 1 0 _aIlmu djiwa anak-anak :
_buntuk guru-guru dan ibu bapak
264 1 _aDjakarta, Indonesia :
_bPustaka Mahmudiah ,
_c1953
300 _a46 pages ;
_c19 cm
336 _2rdacontent
_atext
337 _2rdamedia
_aunmediated
338 _2rdacarrier
_avolume
650 1 0 _aPsychological child abuse
942 _ddc
_cB
999 _c52995
_d52995